000 00486nam a2200181Ia 4500
005 20250508160827.0
008 008 250505s9999 xx 000 0 eng d
037 _aTextual
040 _aFEDL
_beng
_cFEDL
041 _aeng
_2eng
084 _a370.193, AXT
_qFEDL
100 _aAxtell James
245 0 _aSchool upon a hill
260 _aNew Haven
_bYale University Press
_c1974
300 _axxi,298p.
942 _cTEXL
_h370.193, AXT
999 _c1366838
_d1366838